「市役所前駅」がある市 - Statistics

General Stats
  • This quiz has been taken 43 times
  • The average score is 6 of 8
Answer Stats
Answer % Correct
広島市
84%
函館市
82%
千葉市
82%
豊橋市
82%
鹿児島市
79%
松山市
74%
長野市
58%
御坊市
29%
No matching quizzes found
Score Distribution
Percent of People with Each Score
Percentile by Number Answered
Your Score History
You have not taken this quiz